Puppies by picture 2 - Statistics

General Stats
  • This quiz has been taken 19 times
    13 since last reset
  • The average score is 3 of 17
Answer Stats
Picture Answer % Correct
Shiba inu
100%
Boston Terrier
60%
Shar Pei
50%
Jack Russell Terrier
40%
Papillion
30%
Samoyed
30%
American Bully
10%
Belgian Shepherd
10%
Beauceron
0%
Dutch Shepherd
0%
Komondor
0%
Kuvasz
0%
Malinois Dog
0%
Pekingese
0%
Puli Dog
0%
Sarabi Mastiff
0%
Weimaranar
0%
No matching quizzes found
Score Distribution
Percent of People with Each Score
Percentile by Number Answered
Your Score History
You have not taken this quiz since the last reset